Труды ЦАГИ. Вып.1741: О нагружении тела с упруго прикрепленным диском при входе в воду (Запись № 1810366)

Подробности
000 -МАРКЕР
контрольное поле 01910nam2a22002771 4500
001 - ИДЕНТИФИКАТОР ЗАПИСИ
контрольное поле RU\NLR\INFOCOMM31\5000091339
005 - ИДЕНТИФИКАТОР ВЕРСИИ
контрольное поле 20250617031704.0
035 ## - ДРУГИЕ СИСТЕМНЫЕ НОМЕРА
Идентификатор записи (NLR Aleph) 002409817
100 ## - ДАННЫЕ ОБЩЕЙ ОБРАБОТКИ
Данные общей обработки 20050119d1976 |||y0rusy50 ca
101 0# - ЯЗЫК РЕСУРСА
Язык текста, звукозаписи и т.д. русский
102 ## - СТРАНА ПУБЛИКАЦИИ ИЛИ ПРОИЗВОДСТВА
Страна публикации российская федерация
105 ## - ПОЛЕ КОДИРОВАННЫХ ДАННЫХ: ТЕКСТОВЫЕ МАТЕРИАЛЫ, МОНОГРАФИЧЕСКИЕ
Кодированные данные о монографическом текстовом документе y ||||000|y
200 1# - ЗАГЛАВИЕ И СВЕДЕНИЯ ОБ ОТВЕТСТВЕННОСТИ
Основное заглавие О нагружении тела с упруго прикрепленным диском при входе в воду
Первые сведения об ответственности О.А. Кузнецов, Р.И. Осьминин
210 ## - ПУБЛИКАЦИЯ, РАСПРОСТРАНЕНИЕ И ДР.
Дата издания, распространения и т.д. 1976
Место издания, распространения и т.д. Б. м.
423 #0 - ИЗДАЕТСЯ В ОДНОЙ ОБЛОЖКЕ ВМЕСТЕ С ...
Встроенное поле 2001#$aИзмерение коэффициента момента силы, действующей на изолированный диск при погружении его под углом к свободной поверхности воды$fР.И. Осьминин
-- 700#1$aОсьминин$bР.И.
Заглавие Измерение коэффициента момента силы, действующей на изолированный диск при погружении его под углом к свободной поверхности воды
Автор Осьминин, Р.И.
461 #0 - УРОВЕНЬ НАБОРА
Встроенное поле 001RU\NLR\INFOCOMM31\5000085815
-- 2001#$aТруды ЦАГИ$fЦентр. аэрогидродинам. ин-т им. проф. Н.Е. Жуковского$vВып.1741
Системный номер (АБИС) связанной записи 3998286
Автор Центральный аэрогидродинамический институт им. Н. Е. Жуковского (Москва)
Место публикации М.
Дата публикации 1923 -
Первые сведения об ответственности Центр. аэрогидродинам. ин-т им. проф. Н.Е. Жуковского
Имя издателя, распространителя и т.д. Изд-во Бюро новой техники НКАП
Заглавие Труды ЦАГИ
ISSN 2588-0098
Номер тома Вып.1741
700 #1 - ИМЯ ЛИЦА - ПЕРВИЧНАЯ ОТВЕТСТВЕННОСТЬ
Начальный элемент ввода Кузнецов
Часть имени, кроме начального элемента ввода О.А.
Код отношения Автор
701 #1 - ИМЯ ЛИЦА - АЛЬТЕРНАТИВНАЯ ОТВЕТСТВЕННОСТЬ
Начальный элемент ввода Осьминин
Часть имени, кроме начального элемента ввода Р.И.
Код отношения Автор
801 #1 - ИСТОЧНИК ЗАПИСИ
Страна российская федерация
Организация InfoComm
Дата составления 20050128
801 #0 - ИСТОЧНИК ЗАПИСИ
Страна российская федерация
Организация NLR
Правила каталогизации PSBO
852 ## - МЕСТОНАХОЖДЕНИЕ И ШИФР ХРАНЕНИЯ
Идентификатор организации NLR
Шифр хранения (Call Number) П11/665
942 ## - ДОПОЛНИТЕЛЬНЫЕ ЭЛЕМЕНТЫ ЗАПИСИ (АБИС)
Тип экземпляра АБИС Выпуск
980 ## - КОЛЛЕКЦИЯ
Название коллекции Национальная библиография
980 ## - КОЛЛЕКЦИЯ
Название коллекции Русская периодика

Нет доступных экземпляров.